000 01460nam a2200469 i 4500
001 25278
003 KOSZ 005
005 20211119101016.0
008 980702s1996 pl f |000 0 pol
015 _aUWD 1996/9529
020 _a8386702400
035 _a991004184189705066
035 _a(PL-WaBN)b11109695-48omnis_nlop
035 _ab11109695
035 _a(OCoLC)835248383
035 _a(PL)b0000001110969
035 _a(EXLNZ-48OMNIS_NETWORK)9910476176705606
040 _aWA N
_cWA N
_dKOSZ 005/EG
046 _k1961
080 _a340.12
100 1 _aJaworski, Iwo
_d(1898-1959)
_eAutor
245 1 0 _aZarys powszechnej historii państwa i prawa /
_cIwo Jaworski.
250 _aWyd. 6 zm.
260 _aWarszawa :
_bWydawnictwa Prawnicze PWN,
_c1996.
300 _a398, [5] s. ;
_c21 cm.
336 _aTekst
_btxt
_2rdacontent
337 _aBez urządzenia pośredniczącego
_bn
_2rdamedia
338 _aWolumin
_bnc
_2rdacarrier
380 _aKsiążki
388 _a1901-2000
388 _a1989-2000
650 7 _aPaństwo
_2DBN
650 7 _aUstrój
650 7 _aHistoria
650 7 _aPrawo
_2DBN
658 _aPrawo i wymiar sprawiedliwości
658 _aHistoria
710 2 _aWydawnictwa Prawnicze PWN
_kpbl
856 _uhttp://koha.tu.koszalin.pl/cgi-bin/koha/opac-detail.pl?biblionumber=25278
_yKatalog online BPK
942 _2UKD
_cKS
999 _c25278
_d25278